Vista normal
Vista MARC
Entrada Materia (personas)
Número de registros utilizados en: 3
001 - CONTROL NUMBER
- control field: 75268
003 - CONTROL NUMBER IDENTIFIER
- control field: Co-BoUCM
005 - DATE AND TIME OF LATEST TRANSACTION
- control field: 20160205094639.0
008 - FIXED-LENGTH DATA ELEMENTS
- fixed length control field: 160205|| aca||aabn | a|a d
040 ## - CATALOGING SOURCE
- Original cataloging agency: Co-BoUCM
- Transcribing agency: Co-BoUCM
100 ## - HEADING--PERSONAL NAME
- Personal name: Cortina, R. Diez de la
- Dates associated with a name: 1859-
- Fuller form of name: (Rafael Diez de la)
670 ## - SOURCE DATA FOUND
- Source citation: Work cat.: (Co-BoUCM): Cortina, R. Diez de la 1859- (Rafael Diez de la), Aprendiendo a leer. Manual del maestro, 1915